000 01400cam a2200313 4500
001 ##L134971
008 060913n2006 000 0 eng u
020 _a0199285330
035 _a(Sirsi) u134971
041 0 _aeng
050 0 4 _a346.41043 $2 18
100 1 _aBurn, E. H.
245 0 0 _aCheshire and Burn's modern law of real property
250 _a17th ed.
260 _aOxford
_bOxford University Press
_c2006
300 _acxxi, 1091p.
_c25cm.
350 _a37.99
505 2 _aPart I Introduction to the modern law: Origins of the modern law -- The modern law
505 2 _aPart II Estates and interests in land: Freehold estates -- Leasehold estates -- Equitable beneficial interests in land -- Other legal and equitable interests in land -- Licenses
505 2 _aPart III The creation, transfer and extinction of estates and interests in land
505 2 _aPart IV Public control over the use of land
520 _aProvides guidance on various aspects of land law, including the background to the modern law, the modern law, estates and interests in land and the public control of the use of land. Includes a table of statutes, a table of statutory instruments and a table of cases.
520 _aSupersedes the 16th (ISBN 0406983046)
590 _aIKA031006
651 4 _aEngland and Wales
_y1543-
690 _aPROPERTY
700 1 _aCartwright, J.
942 _n0
999 _c105872
_d105872